| 000 | 00347nam a22001457a 4500 | ||
|---|---|---|---|
| 003 | OSt | ||
| 005 | 20160727222401.0 | ||
| 008 | 160623b xxu||||| |||| 00| 0 eng d | ||
| 040 | _cTEST | ||
| 100 |
_9712 _aCorbett, S |
||
| 245 | _aThe Red Room Riddle | ||
| 260 |
_aTORONTO _bLITTLE BROWN &COM _c1972 |
||
| 300 | _aThe Red Room Riddle | ||
| 942 |
_2ddc _cBK |
||
| 999 |
_c577 _d577 |
||